<?xml version="1.0" encoding="UTF-8"?>
<record
    xmlns:xsi="http://www.w3.org/2001/XMLSchema-instance"
    xsi:schemaLocation="http://www.loc.gov/MARC21/slim http://www.loc.gov/standards/marcxml/schema/MARC21slim.xsd"
    xmlns="http://www.loc.gov/MARC21/slim">

  <leader>05728cam a2200457 i 4500</leader>
  <controlfield tag="001">22736080</controlfield>
  <controlfield tag="003">OSt</controlfield>
  <controlfield tag="005">20250610123353.0</controlfield>
  <controlfield tag="008">220723s2023    mau      b    001 0 eng  </controlfield>
  <datafield tag="010" ind1=" " ind2=" ">
    <subfield code="a">  2022030290</subfield>
  </datafield>
  <datafield tag="020" ind1=" " ind2=" ">
    <subfield code="a">9781647824433</subfield>
    <subfield code="q">(paperback)</subfield>
  </datafield>
  <datafield tag="020" ind1=" " ind2=" ">
    <subfield code="z">9781647824440</subfield>
    <subfield code="q">(epub)</subfield>
  </datafield>
  <datafield tag="040" ind1=" " ind2=" ">
    <subfield code="a">MH/DLC</subfield>
    <subfield code="b">eng</subfield>
    <subfield code="e">rda</subfield>
    <subfield code="c">DLC</subfield>
    <subfield code="d">DLC</subfield>
  </datafield>
  <datafield tag="042" ind1=" " ind2=" ">
    <subfield code="a">pcc</subfield>
  </datafield>
  <datafield tag="050" ind1="0" ind2="0">
    <subfield code="a">HD30.2</subfield>
    <subfield code="b">.H325 2023</subfield>
  </datafield>
  <datafield tag="082" ind1="0" ind2="0">
    <subfield code="a">658.4038</subfield>
    <subfield code="b">HAR/H</subfield>
  </datafield>
  <datafield tag="245" ind1="0" ind2="0">
    <subfield code="a">HBR guide to AI basics for managers /</subfield>
    <subfield code="c">Harvard Business Review.</subfield>
  </datafield>
  <datafield tag="246" ind1="3" ind2=" ">
    <subfield code="a">Harvard business review guide to AI basics for managers</subfield>
  </datafield>
  <datafield tag="246" ind1="3" ind2="0">
    <subfield code="a">AI basics for managers</subfield>
  </datafield>
  <datafield tag="246" ind1="3" ind2=" ">
    <subfield code="a">Artificial intelligence basics for managers</subfield>
  </datafield>
  <datafield tag="264" ind1=" " ind2="1">
    <subfield code="a">Boston, Massachusetts :</subfield>
    <subfield code="b">Harvard Business Review Press,</subfield>
    <subfield code="c">[2023]</subfield>
  </datafield>
  <datafield tag="300" ind1=" " ind2=" ">
    <subfield code="a">xiii,  252 pages ;</subfield>
    <subfield code="c">23 cm.</subfield>
  </datafield>
  <datafield tag="336" ind1=" " ind2=" ">
    <subfield code="a">text</subfield>
    <subfield code="b">txt</subfield>
    <subfield code="2">rdacontent</subfield>
  </datafield>
  <datafield tag="337" ind1=" " ind2=" ">
    <subfield code="a">unmediated</subfield>
    <subfield code="b">n</subfield>
    <subfield code="2">rdamedia</subfield>
  </datafield>
  <datafield tag="338" ind1=" " ind2=" ">
    <subfield code="a">volume</subfield>
    <subfield code="b">nc</subfield>
    <subfield code="2">rdacarrier</subfield>
  </datafield>
  <datafield tag="490" ind1="1" ind2=" ">
    <subfield code="a">HBR guides</subfield>
  </datafield>
  <datafield tag="500" ind1=" " ind2=" ">
    <subfield code="a">Includes bibliographical references and index.</subfield>
  </datafield>
  <datafield tag="505" ind1="0" ind2=" ">
    <subfield code="t">Three Questions About AI That Every Employee Should Be Able to Answer : How does it work, what is it good at, and what should it never do? /</subfield>
    <subfield code="r">by Emma Martinho-Truswell --</subfield>
    <subfield code="t">What Every Manager Should Know About Machine Learning : A non-technical primer /</subfield>
    <subfield code="r">by Mike Yeomans --</subfield>
    <subfield code="t">The Three Types of AI : First, understand which technologies perform which types of tasks /</subfield>
    <subfield code="r">by Thomas H. Davenport and Rajeev Ronanki --</subfield>
    <subfield code="t">AI Doesn't Have to Be Too Complicated or Expensive for Your Business : Focus on data quality, not quantity /</subfield>
    <subfield code="r">by Andrew Ng --</subfield>
    <subfield code="t">How AI Fits into Your Data Science Team : Get over the cultural hurdles and avoid exaggerated claims /</subfield>
    <subfield code="r">an interview with Hilary Mason --</subfield>
    <subfield code="t">Ramp Up Your Team's Predictive Analytics Skills : Three pitfalls your team needs to avoid /</subfield>
    <subfield code="r">by Eric Siegel --</subfield>
    <subfield code="t">Assembling Your AI Operations Team : A top-notch model is no good if your people can't connect it to your existing systems /</subfield>
    <subfield code="r">by Mark Esposito, Terence Tse, Takaai Mizuno, and Danny Goh --</subfield>
    <subfield code="t">How to Spot a Machine Learning Opportunity : What do you want to predict, and do you have the data? /</subfield>
    <subfield code="r">by Kathryn Hume --</subfield>
    <subfield code="t">A Simple Tool for Making Decisions with AI : Use the AI Canvas /</subfield>
    <subfield code="r">by Ajay Agrawal, Joshua Gans, and Avi Goldfarb --</subfield>
    <subfield code="t">How to Pick the Right Automation Project : Invest in the ones that will build your organization's capabilities /</subfield>
    <subfield code="r">by Bhaskar Ghosh, Rajendra Prasad, and Gayathri Pallail --</subfield>
    <subfield code="t">Collaborative Intelligence : Humans and AI Are Joining Forces : They're enhancing each other's strengths /</subfield>
    <subfield code="r">by H. James Wilson and Paul R. Daugherty --</subfield>
    <subfield code="t">How to Get Employees to Embrace AI : The sooner resisters get onboard, the sooner you will see results /</subfield>
    <subfield code="r">by Brad Power --</subfield>
    <subfield code="t">A Better Way to Onboard AI : Understand it as a tool to assist people rather than replace them /</subfield>
    <subfield code="r">by Boris Babic, Daniel L. Chen, Theodoros Evgeniou, and Anne-Laure Fayard --</subfield>
    <subfield code="t">Managing AI Decision-Making Tools : Humans still need to be involved : This framework will help you determine when and how /</subfield>
    <subfield code="t">by Michael Ross and James Taylor --</subfield>
    <subfield code="t">Your Company's Algorithms Will Go Wrong : Have a Plan in Place : An AI designed to do X will eventually fail to do X /</subfield>
    <subfield code="r">by Roman V. Yampolskiy --</subfield>
    <subfield code="t">A Practical Guide to Ethical AI : AI doesn't just scale solutions - it also scales risk /</subfield>
    <subfield code="r">by Reid Blackman --</subfield>
    <subfield code="t">AI Can Help Address Inequity - If Companies Earn Users' Trust : A case from Airbnb shows how good algorithms can have negative effects /</subfield>
    <subfield code="r">by Shunyuan Zhang, Kannan Srinivasan, Param Vir Singh, and Nitin Mehta --</subfield>
    <subfield code="t">Take Action to Mitigate Ethical Risks : It starts with three critical conversations /</subfield>
    <subfield code="r">by Reid Blackman and Beena Ammanath -- How No-Code Platforms Can Bring AI to Small and Midsize Businesses : Three features to look for as you consider the right tool for your company /</subfield>
    <subfield code="r">by Jonathon Reilly --</subfield>
    <subfield code="t">The Power of Natural Language Processing : NLP can help companies with brainstorming, summarizing, and researching. /</subfield>
    <subfield code="r">by Ross Gruetzemacher --</subfield>
    <subfield code="t">Reinforcement Learning Is Ready for Business : Learning through trial and error can lead to more creative solutions /</subfield>
    <subfield code="r">by Kathryn Hume and Matthew E. Taylor.</subfield>
  </datafield>
  <datafield tag="520" ind1=" " ind2=" ">
    <subfield code="a">"From product design and financial modeling to performance management and hiring decisions-artificial intelligence and machine learning are becoming everyday tools for managers at businesses of all sizes. But the rewards of every AI system come with risks-and if you don't understand how to make sense of them, you're not going to make the right decisions. Whether you want to get up to speed quickly, could just use a refresher, or are working with an AI expert for the first time, HBR Guide to AI Basics for Managers will give you the information and skills you need. You'll learn how to: understand key terms and concepts; identify which of your projects and processes would benefit from an AI approach; deal with ethical issues before they come up; hire the best AI vendors; run small experiments; work better with your AI experts and data scientists"--</subfield>
    <subfield code="c">Provided by publisher.</subfield>
  </datafield>
  <datafield tag="650" ind1=" " ind2="0">
    <subfield code="a">Artificial intelligence.</subfield>
  </datafield>
  <datafield tag="650" ind1=" " ind2="0">
    <subfield code="a">Management</subfield>
    <subfield code="x">Technological innovations.</subfield>
  </datafield>
  <datafield tag="650" ind1=" " ind2="0">
    <subfield code="a">Business enterprises</subfield>
    <subfield code="x">Information technology</subfield>
    <subfield code="x">Management.</subfield>
  </datafield>
  <datafield tag="650" ind1=" " ind2="0">
    <subfield code="a">Industrial management.</subfield>
  </datafield>
  <datafield tag="650" ind1=" " ind2="0">
    <subfield code="a">Success in business.</subfield>
  </datafield>
  <datafield tag="710" ind1="2" ind2=" ">
    <subfield code="a">Harvard Business Review Press,</subfield>
    <subfield code="e">issuing body.</subfield>
  </datafield>
  <datafield tag="776" ind1="0" ind2="8">
    <subfield code="i">Online version:</subfield>
    <subfield code="t">HBR guide to AI basics for managers</subfield>
    <subfield code="d">Boston, Massachusetts : Harvard Business Review Press, [2023]</subfield>
    <subfield code="z">9781647824440</subfield>
    <subfield code="w">(DLC) 2022030291</subfield>
  </datafield>
  <datafield tag="830" ind1=" " ind2="0">
    <subfield code="a">Harvard business review guides.</subfield>
  </datafield>
  <datafield tag="906" ind1=" " ind2=" ">
    <subfield code="a">7</subfield>
    <subfield code="b">cbc</subfield>
    <subfield code="c">orignew</subfield>
    <subfield code="d">1</subfield>
    <subfield code="e">ecip</subfield>
    <subfield code="f">20</subfield>
    <subfield code="g">y-gencatlg</subfield>
  </datafield>
  <datafield tag="942" ind1=" " ind2=" ">
    <subfield code="2">ddc</subfield>
    <subfield code="c">BK</subfield>
    <subfield code="h">658.4038</subfield>
    <subfield code="i">HAR/H</subfield>
    <subfield code="k">658.4038</subfield>
    <subfield code="m">HAR/H</subfield>
  </datafield>
  <datafield tag="952" ind1=" " ind2=" ">
    <subfield code="0">0</subfield>
    <subfield code="1">0</subfield>
    <subfield code="2">ddc</subfield>
    <subfield code="4">0</subfield>
    <subfield code="7">0</subfield>
    <subfield code="8">MANAGEMENT</subfield>
    <subfield code="a">MES</subfield>
    <subfield code="b">MES</subfield>
    <subfield code="c">MANAGEMENT</subfield>
    <subfield code="d">2025-06-10</subfield>
    <subfield code="l">0</subfield>
    <subfield code="o">658.4038 HAR/H</subfield>
    <subfield code="p">45960</subfield>
    <subfield code="r">2025-06-10 12:33:45</subfield>
    <subfield code="t">1</subfield>
    <subfield code="w">2025-06-10</subfield>
    <subfield code="y">BK</subfield>
    <subfield code="z">GL55R4</subfield>
  </datafield>
  <datafield tag="952" ind1=" " ind2=" ">
    <subfield code="0">0</subfield>
    <subfield code="1">0</subfield>
    <subfield code="2">ddc</subfield>
    <subfield code="4">0</subfield>
    <subfield code="7">0</subfield>
    <subfield code="8">MANAGEMENT</subfield>
    <subfield code="a">MES</subfield>
    <subfield code="b">MES</subfield>
    <subfield code="c">MANAGEMENT</subfield>
    <subfield code="d">2025-06-10</subfield>
    <subfield code="l">1</subfield>
    <subfield code="o">658.4038 HAR/H</subfield>
    <subfield code="p">45961</subfield>
    <subfield code="r">2026-01-22 16:58:45</subfield>
    <subfield code="s">2026-01-20</subfield>
    <subfield code="t">2</subfield>
    <subfield code="w">2025-06-10</subfield>
    <subfield code="y">BK</subfield>
    <subfield code="z">GL55R4</subfield>
  </datafield>
  <datafield tag="999" ind1=" " ind2=" ">
    <subfield code="c">44544</subfield>
    <subfield code="d">44544</subfield>
  </datafield>
</record>
